00944nam a2200289 i 45000010005000000030009000050050017000140080039000310150017000700400041000870460009001280800011001371000027001482450085001752500017002602600055002773000048003323800017003803880014003975000018004115040026004296580028004556500016004836500017004997100041005168560097005578455KOSZ 00520191104101848.0071022s1969 pl a f 000 0 pol aPB 1969/4866 aWA NcWA NdKOSZ 005/KKdKOSZ 005/HR k1969 a621.381 aWolski, RyszardeAutor10aUrządzenia tranzystorowe :bwybrane rozwiązania układowe /cRyszard Wolski. aWyd. 2 popr. aWarszawa :bWydawnictwa Naukowo-Techniczne,c1969. a339, [1] s., [18] k. tabl. :bil. ;c25 cm. aKsiążki. a1901-2000 aDruk z klisz. aBibliogr. przy rozdz. aInżynieria i technika 4aTranzystory 4aUrządzenia2 aWydawnictwa Naukowo-Techniczne4pbl. uhttp://koha.tu.koszalin.pl/cgi-bin/koha/opac-detail.pl?biblionumber=8455yKatalog online BPK